000 01310cam a2200289 4500
001 ABS66577
008 030430n2003 000 0 eng u
035 _a(Sirsi) u122153
100 _aFaulkner, G.
245 _aSpecial report - Private Finance Initiative
260 _c2003
490 _aContract Journal
_v418(6422) 16 April 2003, 16-27(8)
520 _a"Must try harder" examines how the DfES is planning a new form of procurement in the design of PFI schools, which will mean more involvement for headteachers. Includes the opinions of PFI schools' headteachers on their input in the design process; "Pressure on the specialists" looks at ways in which relationships between subcontractors and main contractors in PFI deals can be improved; "3, 2, 1 - we have LIFT off" looks at the popularity of the NHS LIFT PFI programme; "Failing standards" examines government insistence on the application of standardised contracts.
590 _aABS
650 _aProcurement-old
650 _aPFI
650 _aBUILDING CONTRACTORS
650 _aSUBCONTRACTORS
650 _aBUILT ENVIRONMENT-BUILDING CONTRACT FORMS
650 _aSTANDARDS
650 _aSCHOOLS
690 _aProcurement
_96260
700 _aAtkinson, J.
700 _aMillett, C.
700 _aAndrews, K.
942 _n0
999 _c72595
_d72595